|
|
|
|
| LEADER |
00000cam a22000004a 4500 |
| 001 |
musev2_73282 |
| 003 |
MdBmJHUP |
| 005 |
20230905051550.0 |
| 006 |
m o d |
| 007 |
cr||||||||nn|n |
| 008 |
190903t20202019tnu o 00 0 eng d |
| 010 |
|
|
|z 2019026479
|
| 020 |
|
|
|a 9780826522702
|
| 020 |
|
|
|z 9780826522689
|
| 020 |
|
|
|z 9780826522696
|
| 035 |
|
|
|a (OCoLC)1120689087
|
| 040 |
|
|
|a MdBmJHUP
|c MdBmJHUP
|
| 100 |
1 |
|
|a Miñana, Rogelio,
|d 1972-
|e author.
|
| 245 |
1 |
0 |
|a Living Quixote :
|b Performative Activism in Contemporary Brazil and the Americas /
|c Rogelio Miñana.
|
| 264 |
|
1 |
|a Nashville :
|b Vanderbilt University Press,
|c [2020]
|
| 264 |
|
3 |
|a Baltimore, Md. :
|b Project MUSE,
|c 2020
|
| 264 |
|
4 |
|c ©[2020]
|
| 300 |
|
|
|a 1 online resource (260 pages).
|
| 336 |
|
|
|a text
|b txt
|2 rdacontent
|
| 337 |
|
|
|a computer
|b c
|2 rdamedia
|
| 338 |
|
|
|a online resource
|b cr
|2 rdacarrier
|
| 490 |
0 |
|
|a Performing Latin American and Caribbean identities;
|v Book 2
|
| 505 |
0 |
|
|a Introduction: Living Quixote in the Americas -- Part 1. Transatlantic Quixotes: Brazilian transculturations of Don Quixote -- 1. "Transforming People Through Art": Transculturating Don Quixote in Brazil -- 2. American Quixotes: The Afterlife of Don Quixote in the Americas -- Part 2. Don Quixote of the streets: The performative approach to Don Quixote in Brazil -- 3. Don Quixote of the streets: Marginality and metatheater in Brazilian Don Quixote stage adaptations -- 4. The performative approach: The Brazilian third way of reading Don Quixote -- Part 3. Urban Quixotes: Performative activism and citizenship in contemporary Brazil -- 5. "A Place of Hope": Performing citizenship in contemporary Brazil -- 6. "Quixotinhos Urbanos": Performative activism and urban transformation in São Paulo -- Conclusion: Don Quixote lives on: Performative activism in the Americas.
|
| 520 |
|
|
|a "Examines contemporary appropriations of Miguel de Cervantes's masterpiece in political and social justice movements in the Americas, particularly in Brazil. The author examines long-term, Quixote-inspired activist efforts at the ground level, offering an applied model for cultural activism or, as he calls it, performative activism"--
|c Provided by publisher.
|
| 588 |
|
|
|a Description based on print version record.
|
| 600 |
1 |
0 |
|a Cervantes Saavedra, Miguel de,
|d 1547-1616.
|t Don Quixote
|x Adaptations.
|
| 650 |
|
7 |
|a Theater and society.
|2 fast
|0 (OCoLC)fst01149315
|
| 650 |
|
7 |
|a Social problems.
|2 fast
|0 (OCoLC)fst01122778
|
| 650 |
|
7 |
|a Literature
|x Adaptations.
|2 fast
|0 (OCoLC)fst00999955
|
| 650 |
|
7 |
|a POLITICAL SCIENCE / World / Caribbean & Latin American
|2 bisacsh
|
| 650 |
|
6 |
|a Problemes sociaux
|z Amerique.
|
| 650 |
|
6 |
|a Theâtre et societe
|z Amerique.
|
| 650 |
|
0 |
|a Social problems
|z America.
|
| 650 |
|
0 |
|a Theater and society
|z America.
|
| 630 |
0 |
7 |
|a Don Quixote (Cervantes Saavedra, Miguel de)
|2 fast
|0 (OCoLC)fst01356104
|
| 651 |
|
7 |
|a America.
|2 fast
|0 (OCoLC)fst01239786
|
| 655 |
|
7 |
|a Electronic books.
|2 local
|
| 710 |
2 |
|
|a Project Muse.
|e distributor
|
| 830 |
|
0 |
|a Book collections on Project MUSE.
|
| 856 |
4 |
0 |
|z Texto completo
|u https://projectmuse.uam.elogim.com/book/73282/
|
| 945 |
|
|
|a Project MUSE - Custom Collection
|
| 945 |
|
|
|a Project MUSE - 2020 Complete
|
| 945 |
|
|
|a Project MUSE - 2020 Political Science and Policy Studies
|
| 945 |
|
|
|a Project MUSE - 2020 Latin American and Caribbean Studies
|